| 000 | 00854cab a22001935a 4500 | ||
|---|---|---|---|
| 001 | L145032 | ||
| 008 | 080902e20080808xxk f v 000 0 eng d | ||
| 035 | _a(Sirsi) u145032 | ||
| 041 | 0 | _aeng | |
| 100 | 1 | _aCharlesworth, Gillian | |
| 245 | 0 | 0 | _aTime for change |
| 260 | _c2008 | ||
| 490 | 0 |
_aNew Law Journal _v158(7333) 8 August 2008, 1143(1) (Property Law Supplement) |
|
| 520 | _aSummarises the Royal Institution of Chartered Surveyors' July 2008 proposals to reform the UK stamp duty system. Highlights the proposal for a two-tier marginal system and its likely effect on home buyers. Discusses proposals for a stamp duty holiday and for requiring investors to pay the duty on the basis of each property's average value. | ||
| 590 | _aKA | ||
| 651 | 4 |
_aUnited Kingdom _y |
|
| 690 | _aPROPERTY-PROPERTY TAXATION-STAMP DUTY LAND TAX | ||
| 942 | _n0 | ||
| 999 |
_c80682 _d80682 |
||